UK ambulance services clinical practice guidelines 2016. Pocket book (Record no. 86247)

MARC details
000 -LEADER
fixed length control field 01176nam a2200277 a 4500
003 - CONTROL NUMBER IDENTIFIER
control field CBULib
005 - DATE AND TIME OF LATEST TRANSACTION
control field 20250626130522.0
008 - FIXED-LENGTH DATA ELEMENTS--GENERAL INFORMATION
fixed length control field 190531s2016 ||||||||||||||||| || u
020 ## - INTERNATIONAL STANDARD BOOK NUMBER
International Standard Book Number 9781859595985 (paperback)
020 ## - INTERNATIONAL STANDARD BOOK NUMBER
International Standard Book Number 1859595987
040 ## - CATALOGING SOURCE
Language of cataloging English
Transcribing agency CBULib
Description conventions rda
050 ## - LIBRARY OF CONGRESS CALL NUMBER
Classification number RC 86.8 Uk
110 ## - MAIN ENTRY--CORPORATE NAME
Corporate name or jurisdiction name as entry element Association of Ambulance Chief Executives (Great Britain)
9 (RLIN) 4641
245 10 - TITLE STATEMENT
Title UK ambulance services clinical practice guidelines 2016. Pocket book
Statement of responsibility, etc / by Association of Ambulance Chief Executives.
260 ## - PUBLICATION, DISTRIBUTION, ETC. (IMPRINT)
Place of publication, distribution, etc Bridgwater :
Name of publisher, distributor, etc Class Professional Publishing,
Date of publication, distribution, etc 2016
300 ## - PHYSICAL DESCRIPTION
Extent 334 pages : illustrations
336 ## - CONTENT TYPE
Content type term Text |
Source rdacontent
Content type code txt
337 ## - MEDIA TYPE
Media type term Unmediated |
Source rdamedia
Media type code n
338 ## - CARRIER TYPE
Carrier type term Volume
Source rdacarrier
Carrier type code nc
500 ## - GENERAL NOTE
General note At head of cover title: Association of Ambulance Chief Executives and jrcalc. Notebook format.
650 #0 - SUBJECT ADDED ENTRY--TOPICAL TERM
Topical term or geographic name as entry element EMERGENCY MEDICINE--GREAT BRITAIN--HANDBOOKS, MANUALS, ETC
650 #0 - SUBJECT ADDED ENTRY--TOPICAL TERM
Topical term or geographic name as entry element AMBULANCE SERVICE--GREAT BRITAIN--HANDBOOKS, MANUALS, ETC
9 (RLIN) 4642
650 #0 - SUBJECT ADDED ENTRY--TOPICAL TERM
Topical term or geographic name as entry element EMERGENCY MEDICAL TECHNIANS--GREAT BRITAIN
9 (RLIN) 4644
710 ## - ADDED ENTRY--CORPORATE NAME
Corporate name or jurisdiction name as entry element Joint Royal Colleges Ambulance Liaison Committee (Great Britain)
9 (RLIN) 4647
942 ## - ADDED ENTRY ELEMENTS (KOHA)
Source of classification or shelving scheme
Koha item type MONOGRAPH
Holdings
Withdrawn status Lost status Source of classification or shelving scheme Damaged status Not for loan Collection code Permanent Location Current Location Shelving location Date acquired Source of acquisition Inventory number Full call number Barcode Date last seen Copy number Price effective from Koha item type Total Checkouts
          Main Library Open Access Collection CBU-MAIN LIBRARY, KITWE. CBU-MAIN LIBRARY, KITWE. General Stacks 06/26/2025 Book Aid International 750128 RC 86.8 Uk 750155 06/26/2025 1 06/26/2025 MONOGRAPH  
          Main Library Open Access Collection CBU-MAIN LIBRARY, KITWE. CBU-MAIN LIBRARY, KITWE. General Stacks 06/26/2025 Book Aid International 750129 RC 86.8 Uk 750156 06/26/2025 2 06/26/2025 MONOGRAPH  
          Main Library Open Access Collection CBU-MAIN LIBRARY, KITWE. CBU-MAIN LIBRARY, KITWE. General Stacks 06/26/2025 Book Aid International 750130 RC 86.8 Uk 750157 06/26/2025 3 06/26/2025 MONOGRAPH  
          Main Library Open Access Collection CBU-MAIN LIBRARY, KITWE. CBU-MAIN LIBRARY, KITWE. General Stacks 06/26/2025 Book Aid International 750131 RC 86.8 Uk 750158 06/26/2025 4 06/26/2025 MONOGRAPH  
          Michael Chilufya Sata Collection CBU-MAIN LIBRARY, KITWE. CBU-MAIN LIBRARY, KITWE. General Stacks 06/26/2025 Book Aid International 904688 RC 86.8 Uk 934165 06/26/2025   06/26/2025 MONOGRAPH  
          Michael Chilufya Sata Collection CBU-MAIN LIBRARY, KITWE. CBU-MAIN LIBRARY, KITWE. General Stacks 06/26/2025 Book Aid International 904691 RC 86.8 Uk 934166 06/26/2025   06/26/2025 MONOGRAPH  
          Michael Chilufya Sata Collection CBU-MAIN LIBRARY, KITWE. CBU-MAIN LIBRARY, KITWE. General Stacks 06/26/2025 Book Aid International 905117 RC 86.8 Uk 934167 06/26/2025   06/26/2025 MONOGRAPH  
          Michael Chilufya Sata Collection CBU-MAIN LIBRARY, KITWE. CBU-MAIN LIBRARY, KITWE. General Stacks 06/26/2025 Book Aid International 904690 RC 86.8 Uk 934168 06/26/2025   06/26/2025 MONOGRAPH  
          Michael Chilufya Sata Collection CBU-MAIN LIBRARY, KITWE. CBU-MAIN LIBRARY, KITWE. General Stacks 06/26/2025 Book Aid International 904689 RC 86.8 Uk 934169 06/26/2025   06/26/2025 MONOGRAPH  
          Michael Chilufya Sata Collection CBU-MAIN LIBRARY, KITWE. CBU-MAIN LIBRARY, KITWE. General Stacks 06/26/2025 Book Aid International 905116 RC 86.8 Uk 934170 06/26/2025   06/26/2025 MONOGRAPH  
          Michael Chilufya Sata Collection CBU-MAIN LIBRARY, KITWE. CBU-MAIN LIBRARY, KITWE.   06/26/2025 Book Aid International 905118 RC 86.8 Uk 934171 06/26/2025   06/26/2025 MONOGRAPH  
          Michael Chilufya Sata Collection CBU-MAIN LIBRARY, KITWE. CBU-MAIN LIBRARY, KITWE. General Stacks 06/26/2025 Book Aid International 905116 RC 86.8 Uk 934172 06/26/2025   06/26/2025 MONOGRAPH  
          Medical Library Collection CBU-MAIN LIBRARY, KITWE. CBU-MAIN LIBRARY, KITWE. General Stacks 06/26/2025 Book Aid International 905115 RC 86.8 Uk 934173 06/26/2025   06/26/2025 MONOGRAPH  
          Medical Library Collection CBU-MAIN LIBRARY, KITWE. CBU-MAIN LIBRARY, KITWE. General Stacks 06/26/2025 Book Aid International 904099 RC 86.8 Uk 934174 06/26/2025   06/26/2025 MONOGRAPH  
          Medical Library Collection CBU-MAIN LIBRARY, KITWE. CBU-MAIN LIBRARY, KITWE. General Stacks 06/26/2025 Book Aid International 904097 RC 86.8 Uk 934175 06/26/2025   06/26/2025 MONOGRAPH  
          Medical Library Collection CBU-MAIN LIBRARY, KITWE. CBU-MAIN LIBRARY, KITWE. General Stacks 06/26/2025 Book Aid International 904096 RC 86.8 Uk 934176 06/26/2025   06/26/2025 MONOGRAPH  
          Medical Library Collection CBU-MAIN LIBRARY, KITWE. CBU-MAIN LIBRARY, KITWE. General Stacks 06/26/2025 Book Aid International 904098 RC 86.8 Uk 934177 06/26/2025   06/26/2025 MONOGRAPH